Statistiques concernant Races de Skyrim

Cliquez ici pour prendre le quiz!

Statistiques générales

  • Ce quiz a été pris 186 fois
  • Le résultat moyen est 7 sur 10

Statistiques - réponses

Réponses% Correct
Khajiit
88%
Nordiques
75%
Elfes des bois
68%
Elfes Noirs
68%
Haut-Elfes
66%
Argoniens
65%
Orques
64%
Brétons
61%
Impériaux
58%
Rougegardes
58%

Distribution des résultats

Percentile par nombre de réponses

% des personnes avec chaque résultat

Votre développement - résultats

Vous n’avez pas pris ce quiz